ARRUPE JESUIT UNIVERSITY

CORONAVIRUS -STOP THE SPREAD - CLEAN,DISINFECT,COVER

Late pleistocene and holocene hunter-gatherers of the Matopos (Record no. 62897)

MARC details
000 -LEADER
fixed length control field 00749nam a2200253Ia 4500
003 - CONTROL NUMBER IDENTIFIER
control field 0100
005 - DATE AND TIME OF LATEST TRANSACTION
control field 20190213101130.0
008 - FIXED-LENGTH DATA ELEMENTS--GENERAL INFORMATION
fixed length control field 130303s9999 xx 000 0 und d
020 ## - INTERNATIONAL STANDARD BOOK NUMBER
International Standard Book Number 915061102X
040 ## - CATALOGING SOURCE
Transcribing agency ARRUPELIB
050 ## - LIBRARY OF CONGRESS CALL NUMBER
Classification number SPC. GN865.Z55 W35 1995
300 ## - PHYSICAL DESCRIPTION
Dimensions 30cm
100 ## - MAIN ENTRY--PERSONAL NAME
Personal name Walker, Nicholas John
9 (RLIN) 36373
245 ## - TITLE STATEMENT
Title Late pleistocene and holocene hunter-gatherers of the Matopos
Remainder of title an archaeological study of change and continuity in Zimbabwe
Statement of responsibility, etc Nicholas John walker
260 ## - PUBLICATION, DISTRIBUTION, ETC. (IMPRINT)
Place of publication, distribution, etc Uppsala
Name of publisher, distributor, etc Societas Archaeologica Upsaliensis
Date of publication, distribution, etc 1995
300 ## - PHYSICAL DESCRIPTION
Extent 284p. ;
440 ## - SERIES STATEMENT/ADDED ENTRY--TITLE
Title Studies in African Archaeology;
Number of part/section of a work 10
9 (RLIN) 44600
650 ## - SUBJECT ADDED ENTRY--TOPICAL TERM
Topical term following geographic name as entry element Stone age
Geographic subdivision Zimbabwe
-- Matopo Hills
9 (RLIN) 44601
650 ## - SUBJECT ADDED ENTRY--TOPICAL TERM
Topical term following geographic name as entry element Hunting, Prehistoric
Geographic subdivision Zimbabwe
-- Matopo Hills
9 (RLIN) 44602
650 ## - SUBJECT ADDED ENTRY--TOPICAL TERM
Topical term following geographic name as entry element Excavations (Archaeology)
Geographic subdivision Zimbabwe
-- Matopo Hills
9 (RLIN) 44603
651 ## - SUBJECT ADDED ENTRY--GEOGRAPHIC NAME
Geographic name Matopo Hills (Zimbabwe)
General subdivision Antiquities
9 (RLIN) 18490
942 ## - ADDED ENTRY ELEMENTS (KOHA)
Source of classification or shelving scheme Library of Congress Classification
Koha item type SPC
Holdings
Withdrawn status Lost status Source of classification or shelving scheme Damaged status Not for loan Collection code Home library Current library Shelving location Date acquired Total Checkouts Full call number Barcode Date last seen Copy number Price effective from Koha item type
    Library of Congress Classification     SPECIAL Collection ARRUPE LIBRARY ARRUPE LIBRARY REFERENCE 05/03/2013   SPC GN865.Z55W35 1995 46003096274 05/03/2013 1 05/03/2013 SPC
    Library of Congress Classification     SPECIAL Collection ARRUPE LIBRARY ARRUPE LIBRARY REFERENCE 13/02/2019   SPC. GN865.Z55 W35 1995 46600003747 13/02/2019   13/02/2019 SPC

 

Arrupe Library. PO Box MP320 Mt Pleasant, Harare, Zimbabwe
263 242 745411|librarian@aju.ac.zw